000 00489nam a2200217Ia 4500
003 OSt
005 20221005120510.0
006 a|||||r|||| 00| 0
007 ta
008 221004b |||||||| |||| 00| 0 eng d
024 _a119289
037 _cTextual
040 _aCRL
_cCRL
_beng
041 _2eng
_aeng
100 _aKoryta J
_9629255
245 0 _aElectro Chemistry
260 _c1970
650 _aCHEMISTRY
942 _cTEXL
_2cc
999 _c1038273
_d1038273